Which BFDI Finalist? - Statistics

General Stats
  • This quiz has been taken 659 times
    658 since last reset
  • The average score is 14 of 18
Answer Stats
Hint Answer % Correct
Won BFDI Firey
90%
Likes to eat Yoylecake Bubble
86%
Is a part of FreeSmart Bubble
86%
Has an evil version of themselves Leafy
86%
Considers themself to be really nice Leafy
85%
First person to get their own Recovery Center Bubble
82%
Escaped to Yoyleland Leafy
82%
Throws knives at intruders Leafy
82%
Loves to slap a "jerk" Firey
80%
Has a comic book named after them Firey
80%
Has a strong accent Bubble
73%
Is locked in a cage in IDFB Firey
73%
Bribed the Announcer Leafy
71%
Received a cashew as a prize Bubble
67%
Doesn't appear in BFDIA 1 Bubble
64%
"Forgot" someone's existence Firey
63%
Scored highest in BFB Leafy
62%
"Owns" Dream Island Leafy
61%
No matching quizzes found
Score Distribution
Percent of People with Each Score
Percentile by Number Answered
Your Score History
You have not taken this quiz since the last reset